1937 Dersim olayları (Record no. 4097)

MARC details
000 -BAŞLIK
Sabit Uzunlukta Kontrol Alanı 00675na a2200229 4500
001 - KONTROL NUMARASI
Denetim Alanı 17031
003 - KONTROL NUMARASI IDENTIFIER
Denetim Alanı MIRAKIL
005 - SON İŞLEM TARİHİ VE ZAMANI
Denetim Alanı 20181213154953.0
008 - SABİT-BOY VERİ ELEMANLARI - GENEL BİLGİLER
Sabit Uzunlukta Kontrol Alanı 161021b tu 000 0
040 ## - KATALOGLAMA KAYNAK
Orijinal Kataloglama Ajansı Milas
Kataloglama Dili tur
Metne Dönüştürmek Ajansı TR-AnCHP
041 ## - DİL KODU
Metin / Ses Parça Veya Ayrı Başlığın Dil Kodu tur
082 ## - DEWEY ONLU SINIFLANDIRMA NUMARASI
Sınıflandırma Numarası 956.10256622
Ürün Numarası Ç61b 2012
090 ## - SINIFLAMA NUMARASI
Sınıflama Numarası 956.10256622 Ç61b 2012
100 ## - ANA GİRİŞ - KİŞİSEL İSİM
Kişisel Ad Çobanoğlu, Ahmet
245 ## - BAŞLIK TABLOSU
Başlık 1937 Dersim olayları
Sorumluluk Tablosu, Vb Ahmet Çobanoğlu
246 ## - UNVAN FORM VARYING
Başlık Doğru / Kısa Başlığı 1937 Dersim olaylarına bakış açısı
260 ## - YAYIN, DAĞITIM, VB
Yayın, Dağıtım, Vb Yeri Konya
Yayıncı, Dağıtıcı, Vs Adı [yayl. y.]
Yayın, Dağıtım, Vb Tarihi 2012
300 ## - FİZİKSEL TANIM
Kapsam 242 s.
Diğer Fiziksel Ayrıntıları res.
Boyutlar 21 sm.
650 ## - KONU KATMA GİRİŞ - TOPİKAL DÖNEM
Topikal Süreli Veya Coğrafi Ad Giriş Elemanı Tarih
Genel Alt Bölümü Dersim ayaklanması
Coğrafi Alt Bölümü Tunceli (Dersim)
651 ## - KONU KATMA GİRİŞ - COĞRAFİ ADI
Coğrafi İsim Tunceli (Dersim)
Genel Alt Bölümü Tarih
Kronolojik Alt Bölümü İsyanlar
942 ## - EKLENDİ GİRİŞ ELEMANLARI (KOHA)
Sınıflandırma Veya Raf Düzeni Kaynak Dewey Decimal Classification
Koha Öğesi Türü Books
999 ## - SİSTEM KONTROL NUMARALARI (KOHA)
Koha Biblionumber 4097
Koha Biblioitemnumber 4097
Holdings
Kalıcı Konum Mevcut Konum Edinme Tarihi Edinim Kaynak Toplam Check-Out'Lar Tam Çağrı Numarası Barkod Tarih Son Görülme İtibaren Geçerli Fiyatlar Koha Öğesi Türü
CHP Kütüphanesi CHP Kütüphanesi 10/21/2016 Bağış   956.10256622 Ç61b 2012 005845 10/21/2016 10/21/2016 Books